[Event "Washington G/60 Championships"]
[Site "Seattle, WA"]
[Date "2014.12.27"]
[Round "2"]
[White "MacGregor Logan  (WA)"]
[Black "Deshpande Aaryan  (WA)"]
[Result "0-1"]
[WhiteElo "1563"]
[BlackElo "1773"]
[Annotator ""]
[Source ""]
[Remark ""]

1.Nf3 d5 2.d4 Nf6 3.c4 e6 4.g3 Be7 5.Bg2 c6 6.Nc3 O-O 7.O-O Nbd7
8.Re1 b6 9.b3 Bb4 10.Bb2 Ne4 11.Qc2 Bxc3 12.Bxc3 Ba6 13.Bb2 Rc8
14.Nd2 f5 15.f3 Nxd2 16.Qxd2 dxc4 17.Qc3 Nf6 18.bxc4 c5 19.dxc5
bxc5 20.Qe5 Qe7 21.Rac1 Nd7 22.Qc3 Nb6 23.f4 Bxc4 24.e4 Na4 25.Qxg7+
Qxg7 26.Bxg7 Kxg7 27.Rxc4 Nb2 28.Rc3 c4 29.exf5 exf5 30.Bd5 Rfd8
31.Re7+ Kh6 32.Re5 Rc5 33.Re6+ Kg7 34.Bf3 Rd3 35.Rxd3 Nxd3 36.Re2
c3 37.Rc2 Ne1 38.Bd1 Nxc2 39.Bxc2 Ra5 0-1

[Event "Washington G/60 Championships"]
[Site "Seattle, WA"]
[Date "2014.12.27"]
[Round "2"]
[White "Hou Frank  (WA)"]
[Black "Smith Mark T  (WA)"]
[Result "0-1"]
[WhiteElo "1702"]
[BlackElo "1860"]
[Annotator ""]
[Source ""]
[Remark ""]

1.e4 g6 2.d4 Bg7 3.Nf3 d6 4.Bc4 Nf6 5.Nc3 Nxe4 6.Bxf7+ Kxf7 7.Nxe4
Rf8 8.Be3 Kg8 9.Qd2 Bg4 10.Nfg5 h6 11.h3 Bf5 12.g4 Bd7 13.Ne6
Bxe6 14.Bxh6 Bd5 15.Bxg7 Kxg7 16.Ng5 Rf6 17.Rh2 Nc6 18.h4 Qd7
19.O-O-O Qxg4 20.f3 Qf4 21.Qxf4 Rxf4 22.c4 Bg8 23.d5 Rxc4+ 24.Kb1
Ne5 25.Rc2 Rxc2 26.Kxc2 Rf8 27.Kb1 c5 28.b3 Nxf3 29.Nxf3 Rxf3
30.Re1 Kf8 31.Rd1 Rf5 32.Kc2 Rxd5 33.Rf1+ Rf5 34.Rg1 Rf4 35.Rxg6
Bh7 36.h5 Bxg6+ 37.hxg6 Kg7 38.Kc3 Rd4 39.a3 e5 40.a4 e4 41.Kb2
e3 42.Ka3 e2 43.a5 e1Q 44.Kb2 Rd2+ 45.Kc3 Qc1# 0-1

[Event "Washington G/60 Championships"]
[Site "Seattle, WA"]
[Date "2014.12.27"]
[Round "2"]
[White "Srinivasan Sahas  (WA)"]
[Black "Schroeder Daymon  (WA)"]
[Result "0-1"]
[WhiteElo "693"]
[BlackElo "1295"]
[Annotator ""]
[Source ""]
[Remark ""]

1.e4 c5 2.Nf3 d6 3.Nc3 a6 4.Bc4 e6 5.d3 Nf6 6.Bg5 Be7 7.Bxf6
Bxf6 8.O-O O-O 9.Re1 Nd7 10.d4 cxd4 11.Nxd4 Ne5 12.Bb3 Qb6 13.Na4
Qa7 14.Kf1 b5 15.Nc3 Nc4 16.Rb1 Bxd4 17.Ne2 Bxf2 18.Bxc4 Bxe1
19.Kxe1 bxc4 20.Qxd6 Bd7 21.Ng3 Rab8 22.Nh5 Qg1+ 23.Kd2 Qxb1
24.Qe5 f6 25.Qg3 Kf7 26.Qxg7+ Ke8 27.Nxf6+ Rxf6 28.Qxf6 Rxb2
29.Qh8+ Ke7 30.Qg7+ Kd6 31.Qf8+ Kc6 32.Qa8+ Kb5 33.Qb8+ Ka5 34.Qc7+
Rb6 35.Qc5+ Qb5 36.Qa3+ Qa4 37.Qc5+ Bb5 38.Qd4 c3+ 39.Qxc3+ Qb4
40.a3 Qxc3+ 41.Kxc3 Be2 42.h3 Ka4 43.g4 Rb5 44.Kd2 Bf3 45.Ke3
Bg2 46.h4 Kxa3 47.h5 Rb4 48.g5 Rxe4+ 49.Kf2 Rg4 50.g6 hxg6 51.h6
Rh4 52.Kxg2 Rxh6 53.c4 Rh8 54.Kf3 Rc8 55.Ke2 Rxc4 56.Kd1 Kb3
57.Ke1 a5 58.Kf2 a4 59.Kg1 a3 60.Kh1 Rc2 0-1

[Event "Washington G/60 Championships"]
[Site "Seattle, WA"]
[Date "2014.12.27"]
[Round "3"]
[White "Rajesh Anirudh  (WA)"]
[Black "Manivannan Arvind  (WA)"]
[Result "0-1"]
[WhiteElo "918"]
[BlackElo "605"]
[Annotator ""]
[Source ""]
[Remark ""]

1.e4 e5 2.Nf3 Nc6 3.d4 exd4 4.Nxd4 Nxd4 5.Qxd4 d6 6.Nc3 Nf6 7.Bg5
Be6 8.Bd3 h6 9.Bh4 d5 10.Bxf6 Qxf6 11.Qxf6 gxf6 12.exd5 Bd7 13.O-O
O-O-O 14.Rad1 Rg8 15.g3 Bh3 16.Rfe1 h5 17.Re4 Kb8 18.a4 f5 19.Rc4
Bg7 20.Bf1 Bg4 21.Re1 Bxc3 22.bxc3 Rxd5 23.Re7 Rd1 24.Kg2 h4
25.a5 h3+ 26.Kg1 a6 27.Rcxc7 Rb1 28.c4 Bf3 29.Rxb7+ Bxb7 30.Rxb7+
Kxb7 31.c3 Re8 32.c5 f6 33.c6+ Kxc6 34.f3 Re2 35.c4 Rg2+ 36.Kh1
Rxf1# 0-1

[Event "Washington G/60 Championships"]
[Site "Seattle, WA"]
[Date "2014.12.27"]
[Round "3"]
[White "Smith Mark T  (WA)"]
[Black "Hosford Michael  (WA)"]
[Result "0-1"]
[WhiteElo "1860"]
[BlackElo "1969"]
[Annotator ""]
[Source ""]
[Remark ""]

1.Nf3 Nf6 2.g3 d6 3.Bg2 Nbd7 4.d3 e5 5.O-O Be7 6.e4 O-O 7.Nc3
c6 8.Nh4 Re8 9.Nf5 Bf8 10.g4 Nc5 11.g5 Nfd7 12.Ne2 Ne6 13.h4
g6 14.Ne3 h6 15.Ng4 hxg5 16.hxg5 Nxg5 17.f4 exf4 18.Bxf4 Ne5
19.Bxe5 Bxg4 20.Bf6 Qb6+ 21.Kh1 Be7 22.Bxe7 Rxe7 23.Qd2 Bxe2
24.Qxe2 Qxb2 25.Qg4 Qh8+ 26.Kg1 Qd4+ 27.Kh1 Re5 28.Rab1 Kg7 29.Bf3
Rh8+ 30.Kg2 Nh3 31.Qxh3 Rxh3 32.Kxh3 b5 33.Bg4 Qa4 34.c4 b4 35.Rf2
c5 36.Rbf1 Re7 37.Rd2 Qa3 38.Rdf2 Rxe4 39.Rf3 Re7 40.R1f2 Qc1
41.Kg2 Qg5 42.Kh3 f5 0-1

[Event "Washington G/60 Championships"]
[Site "Seattle, WA"]
[Date "2014.12.27"]
[Round "3"]
[White "Srinivasan Sahas  (WA)"]
[Black "Neese Kyle  (MO)"]
[Result "0-1"]
[WhiteElo "693"]
[BlackElo "1359"]
[Annotator ""]
[Source ""]
[Remark ""]

1.e4 e6 2.Nf3 d5 3.Nc3 d4 4.Nb5 c5 5.Bc4 a6 6.Na3 Nf6 7.d3 Be7
8.c3 O-O 9.Nc2 Nc6 10.cxd4 cxd4 11.O-O b5 12.Bb3 a5 13.a4 b4
14.Bc4 Qb6 15.Bb5 b3 16.Na3 Ba6 17.Bxc6 Qxc6 18.Nxd4 Qd7 19.Nxb3
Bxd3 20.Re1 Rfd8 21.Be3 Rab8 22.Nxa5 Rxb2 23.e5 Ne4 24.f3 Nc3
25.Qc1 Ne2+ 26.Rxe2 Rxe2 27.Qc3 Rxe3 28.Rc1 Bxa3 29.Qxa3 Qa7
30.Kh1 Qxa5 31.h3 Re1+ 32.Kh2 Qxe5+ 33.g3 Qe2# 0-1

[Event "Washington G/60 Championships"]
[Site "Seattle, WA"]
[Date "2014.12.27"]
[Round "3"]
[White "Prentice Gregory  (WA)"]
[Black "Petrov Oscar  (WA)"]
[Result "1/2-1/2"]
[WhiteElo "1811"]
[BlackElo "1531"]
[Annotator ""]
[Source ""]
[Remark ""]

1.c4 c5 2.Nc3 Nf6 3.d3 d6 4.g3 Nc6 5.Bg2 Bd7 6.Nf3 e6 7.O-O a6
8.Bg5 Be7 9.d4 cxd4 10.Nxd4 Qb6 11.Nxc6 Bxc6 12.Rb1 Bxg2 13.Kxg2
Qc5 14.Bxf6 Bxf6 15.Qd3 Rd8 16.Ne4 Qc6 17.Qf3 Ke7 18.Rfc1 h5
19.h4 Rh6 20.Nxf6 Qxf3+ 21.Kxf3 Rxf6+ 22.Ke3 d5 23.cxd5 Rxd5
24.f3 Re5+ 25.Kf2 Kd6 26.e4 Rxe4 27.Rd1+ Ke7 28.Rbc1 Rb4 29.Rc7+
Ke8 30.b3 g6 31.Rdd7 b6 32.Ra7 Rb5 33.Rdb7 Kf8 34.Rxa6 e5 35.Ra8+
Kg7 36.Re7 Rc5 37.Ke2 Rc2+ 38.Kd3 Rf2 39.Rxe5 R6xf3+ 40.Re3 f5
41.a3 1/2-1/2

[Event "Washington G/60 Championships"]
[Site "Seattle, WA"]
[Date "2014.12.27"]
[Round "3"]
[White "Gregg Bruce  (WA)"]
[Black "Qian Daniel  (WA)"]
[Result "1-0"]
[WhiteElo "1782"]
[BlackElo "1175"]
[Annotator ""]
[Source ""]
[Remark ""]

1.e4 e5 2.Nc3 Nc6 3.d3 Bc5 4.Nf3 d6 5.Be2 Be6 6.O-O h6 7.Na4
Bb6 8.Nxb6 axb6 9.Be3 Nge7 10.c3 Bg4 11.d4 O-O 12.d5 Nb8 13.h3
Bxf3 14.Bxf3 Nd7 15.g3 f5 16.Bg2 Ng6 17.exf5 Rxf5 18.Be4 Rf6
19.Qg4 Ne7 20.f4 Qc8 21.Qh5 Qe8 22.Qe2 Nc5 23.Bxc5 bxc5 24.fxe5
Rxf1+ 25.Rxf1 dxe5 26.Qc4 Kh8 27.Qxc5 Rxa2 28.Qb4 Qd7 29.Rf8+
Ng8 30.Kg2 c6 31.Qb3 Ra7 32.Rxg8+ Kxg8 33.dxc6+ Qf7 34.Bd5 bxc6
35.Bxf7+ Rxf7 36.Qe6 Kf8 37.Qxc6 g5 38.b4 Kg7 39.b5 Ra7 40.Qe6
Rb7 41.Qxe5+ Kf8 42.Qh8+ Ke7 43.Qh7+ Kd6 44.Qxb7 Kc5 45.Qc6# 1-0

[Event "Washington G/60 Championships"]
[Site "Seattle, WA"]
[Date "2014.12.27"]
[Round "3"]
[White "Mathews Daniel  (WA)"]
[Black "Kam Ethan  (WA)"]
[Result "1-0"]
[WhiteElo "1710"]
[BlackElo "1181"]
[Annotator ""]
[Source ""]
[Remark ""]

1.d4 d5 2.Nf3 Nf6 3.g3 Nc6 4.Bg2 Bf5 5.b3 e6 6.a3 Bd6 7.Bb2 Qe7
8.O-O O-O 9.Nbd2 h6 10.Re1 e5 11.dxe5 Bxe5 12.Nxe5 Nxe5 13.Nf3
Nxf3+ 14.Bxf3 Rad8 15.Bxf6 Qxf6 16.Qd2 c6 17.c3 Rfe8 18.Qd4 Qxd4
19.cxd4 Bh3 20.e3 f6 21.Rac1 Rc8 22.Rc3 a6 23.Rec1 Re7 24.Bxd5+
Be6 25.Bg2 Rec7 26.d5 Bf7 27.dxc6 bxc6 28.b4 Kh8 29.Rxc6 Rxc6
30.Rxc6 Rxc6 31.Bxc6 Bc4 32.Kg2 Kg8 33.Kf3 Kf7 34.Ke4 Ke6 35.Kd4
Kd6 36.Kxc4 Kxc6 37.f4 f5 38.a4 h5 39.Kd4 Kd6 40.e4 fxe4 41.Kxe4
g6 42.b5 axb5 43.axb5 Kc5 44.Ke5 Kxb5 45.Kf6 Kc5 46.Kxg6 Kd5
47.f5 1-0